| 000 | 00484nam a2200181 4500 | ||
|---|---|---|---|
| 003 | SEACOMMC | ||
| 005 | 20250425135206.0 | ||
| 008 | 241125b |||||||| |||| 00| 0 eng d | ||
| 020 |
_a978-93-5161-173-8 _cRs.345.00 |
||
| 040 | _aSEACOMMC | ||
| 082 |
_a 519.5 _bG 977 |
||
| 100 | _aGupta, S.C | ||
| 245 | 1 |
_aFundamentals of Mathematical Statistics _c S.C Gupta, V.K Kapoor |
|
| 250 | _a11th rev.ed. | ||
| 260 |
_a New Delhi _bS. Chand _c 2002 |
||
| 650 | _a Statistics | ||
| 942 | _cBOOK | ||
| 999 |
_c794 _d794 |
||